Human resources management simulation : Players manual

Đã lưu trong:
书目详细资料
主要作者: Smith, Jerald D.
格式: 图书
语言:Undetermined
出版: Englewood Cliffs, New Jersey Prentice-Hall 1994
主题:
标签: 添加标签
没有标签, 成为第一个标记此记录!
Thư viện lưu trữ: Trung tâm Học liệu Trường Đại học Cần Thơ
LEADER 00646nam a2200205Ia 4500
001 CTU_43126
008 210402s9999 xx 000 0 und d
082 |a 658.3 
082 |b S651 
100 |a Smith, Jerald D. 
245 0 |a Human resources management simulation : 
245 0 |b Players manual 
245 0 |c Jerald D Smith, Peggy A Golden 
260 |a Englewood Cliffs, New Jersey 
260 |b Prentice-Hall 
260 |c 1994 
650 |a Personnel management,personnel management 
650 |x Decision making,Simulation methods,Simulation methods 
904 |i Minh, QHieu 
980 |a Trung tâm Học liệu Trường Đại học Cần Thơ